| 000 | 01173nam a2200205Ia 4500 | ||
|---|---|---|---|
| 008 | 220216s9999 xx 000 0 und d | ||
| 100 | _aSchloman W W | ||
| 245 | 0 | _aCharacterization and performance testing of Guayule latex | |
| 260 |
_bRubber Chemistry and Technology _c1996 |
||
| 300 | _a215-222 | ||
| 520 | _aPhysical and biological properties were determined for a preliminary production run of low-ammonia latex from guayule (GR latex). GR latex, and dipped films produced from compounded GR latex, contain none of the Hevea allergens known to elicit Type 1 systemic allergic reaction. The polymer phase of GR latex has a lower bulk viscosity and a higher resin content than that of NR. In addition, GR latex serum and rubber lack the activating components present in NR latex. As a result, GR latex cures more slowly and reaches a lower state of cure. The aged stress-strain properties of cured GR films are nontheless similar to those of NR films. | ||
| 650 | _aGuayule latex | ||
| 650 | _aHevea allergens | ||
| 650 | _aNatural rubber latex | ||
| 700 | _aCornish K | ||
| 700 | _aMcIntyre D | ||
| 700 | _aSiler D J | ||
| 700 | _aWyzgoski F | ||
| 942 | _cJS | ||
| 999 |
_c55404 _d55404 |
||